00254nam a2200109Ia 4500008004100000100002100041245003600062260000800098260000900106546001200115999001700127170619s9999 xx 000 0 und d aLehpamer- Harvey 0aMicrowave Transmission Networks bTMH c2010 aENGLISH c20457d20457